000 00294nam a22001337a 4500
008 170608b xxu||||| |||| 00| 0 eng d
020 _a0023377704
041 _aeng
080 _a327
100 _a18
101 _aSHP
245 _aTHE NEW AMERICAN DEMOCRACY
_cFIORINA,M.P
942 _2udc
_cBK
999 _c16518
_d16518